000 00738cam a22002413a 4500
001 12649
003 PGUSA
005 20140828083255.0
008 040601s2004||||xxu|||||s|||||000 | eng d
040 _aPGUSA
_beng
042 _adc
050 4 _aBF
100 1 _aNewcomb, Arthur,
_d1873-
245 1 0 _aAnalyzing Character :
_bThe New Science of Judging Men; Misfits in Business, the Home and Social Life
_h[electronic resource] /
_cArthur Newcomb
260 _bProject Gutenberg,
_c2004
506 _aPublic domain in the USA.
516 _aElectronic text
653 _aSuccess
653 _aCharacters and characteristics
830 0 _aProject Gutenberg
_v12649
856 4 0 _uhttp://www.gutenberg.org/ebooks/12649
942 _cEB
999 _c241904
_d241904